Disponibilidad de potasio en suelos del sudoeste bonaerense /

Guardado en:
Autor Principal: Loewy, Tomás.
Autor Corporativo: Instituto Nacional de Tecnología Agropecuaria (Argentina). Estación Experimental Agropecuaria Bordenave.
Otros Autores: Puricelli, Carlos A.
Formato: Libro
Idioma:Spanish
Publicado: Bordenave : INTA EEA Bordenave, 1984.
Series:Informe técnico. INTA EEA Bordenave, nº 35
Etiquetas: Agregar Etiqueta
Sin Etiquetas, Sea el primero en etiquetar este registro!
LEADER 00829nam a22001935a 4500
001 EEA.libagro010808
005 20180912120113.0
008 130809s1984####ag#a##########000#0#spa#d
082 0 4 |a 631.8 
082 0 4 |a 631.416 
100 1 |a Loewy, Tomás. 
245 1 0 |a Disponibilidad de potasio en suelos del sudoeste bonaerense /  |c Tomás Loewy y Carlos A. Puricelli. 
260 |a Bordenave :  |b INTA EEA Bordenave,  |c 1984. 
300 |a 9 h. :  |b il. ;  |c 30 cm. 
490 1 |a Informe técnico. INTA EEA Bordenave,  |x 0326-2596 ;  |v nº 35 
700 1 |a Puricelli, Carlos A. 
710 2 |a Instituto Nacional de Tecnología Agropecuaria (Argentina).  |b Estación Experimental Agropecuaria Bordenave. 
773 0 |t Fertilidad y Fertilizantes. Publicaciones del Ing. Agr. Tomás Loewy.  |g Trabajo nº 7. 
859 |a AR-BbBCA  |b BIB. AGRONOMIA  |h 631.8  |i L827 7  |p 1996/2583